LEADER 01750nam a2200325 4500 001 000000363641 003 CaOOAMICUS 005 20250721114310.0 008 250721s2023 gw 000 u eng r 020 $a978-3-515-13450-7 040 $aSeMil$bita 041 1 $ager$aeng 245 00$aViolence in antiquity :$breligious approaches to its legitimation and delegitimation /$cedited by = herausgegeben von Johannes Breuer & Jochen Walter. 246 01$aGewalt in der Antike :$breligiöse Ansätze zu ihrer Legitimierung und Delegitimierung 264 1$aStuttgart :$bFranz Steiner,$c2023. 300 $a191 p. ;$c24 cm 490 1 $aHamburger Studien zu Gesellschaften und Kulturen der Vormoderne ;$v26 546 $aContributi in tedesco e inglese 650 4$aViolenza - Aspetti religiosi.$0(OLS)http://semarc/subject/15074 650 4$aPunizione - Aspetti religiosi.$0(OLS)http://semarc/subject/51068 700 1 $aWalter, Jochen.$0(OLS)http://semarc/name/122447 700 1 $aBreuer, Johannes,$d<1979- >.$0(OLS)http://semarc/name/122446 830 0$aHamburger Studien zu Gesellschaften und Kulturen der Vormoderne ;$v26.$0(OLS)http://semarc/title/454924 850 $aSeMil 852 $aSeMil$W1$xVenegono$y1$m2R VI 42$j259988$B254506$CSeMilBibl$Z2$F254506 $81 996 $6020$a978-3-515-13450-7$9(OLS)http://semarc/number/303684 996 $6245$aViolence in antiquity :$breligious approaches to its legitimation and delegitimation$9(OLS)http://semarc/title/454922 996 $6246$aGewalt in der Antike :$breligiöse Ansätze zu ihrer Legitimierung und Delegitimierung$9(OLS)http://semarc/title/454923 996 $6264$aStuttgart :$bFranz Steiner$9(OLS)http://semarc/publisher/35333 LEADER 01250nam a2200253 i 4500 001 000000107031 003 CaOOAMICUS 005 20230925122239.0 008 040727s1998 it u000 u ita u 013 $a79243 040 $aSeMil$bita 100 1 $aBonfadini, Paola.$0(OLS)http://semarc/name/45001 245 12$aI libri corali del Duomo Vecchio di Brescia :$b(Santa Maria Maggiore de Dom) /$cPaola Bonfadini. - stampa 1998 (Brescia : La Nuova Cartografica) 260 $a[S.l. :$bs.n.],$cstampa 1998$e(Brescia :$fLa Nuova Cartografica,$gstampa 1998) 300 $a174 p. :$briccamente ill. ;$c33 cm. 650 4$aBrescia - Chiese - Cattedrale di Santa Maria Assunta (Duomo).$0(OLS)http://semarc/subject/21494 650 4$aCorali - Brescia - Santa Maria Assunta (Duomo).$0(OLS)http://semarc/subject/18644 650 4$aMiniatura lombarda - Sec. 15.$0(OLS)http://semarc/subject/18645 850 $aSeMil 852 $aSeMil$W1$xVenegono$y1$m5H XII 43$j63128$B63128$CSeMilBibl$Z2$F85087 $8I 961 $aOmaggio: Altro 996 $6245$aI libri corali del Duomo Vecchio di Brescia :$b(Santa Maria Maggiore de Dom)$9(OLS)http://semarc/title/155187 996 $6260$a[S.l. :$bs.n.]$9(OLS)http://semarc/publisher/29751